Paul Revere and the minute men / (Record no. 7376)
[ view plain ]
| 000 -LEADER | |
|---|---|
| fixed length control field | 00813cam a22002771 4500 |
| 001 - CONTROL NUMBER | |
| JCCL Control Number | 7376 |
| 003 - CONTROL NUMBER IDENTIFIER | |
| JCCL marc code | BD-JhCC |
| 005 - DATE AND TIME OF LATEST TRANSACTION | |
| control field | 20221110134023.0 |
| 008 - FIXED-LENGTH DATA ELEMENTS--GENERAL INFORMATION | |
| fixed length control field | 711213s1950 nyua j 000 1 eng |
| 035 ## - SYSTEM CONTROL NUMBER | |
| system control number | (BD-JhCC)7376 |
| 035 ## - SYSTEM CONTROL NUMBER | |
| system control number | (OCoLC)181519 |
| 040 ## - CATALOGING SOURCE | |
| Original cataloging agency | DLC |
| Transcribing agency | OKentU |
| Modifying agency | OCoLC |
| -- | DLC |
| -- | BD-JhCC |
| 041 ## - LANGUAGE CODE | |
| Language code of Book | eng |
| 050 00 - LIBRARY OF CONGRESS CALL NUMBER | |
| Classification number | PZ7.F532 |
| Item number | Pau |
| 082 ## - DEWEY DECIMAL CLASSIFICATION NUMBER | |
| Author mark and Year | FIS 1958 |
| Classification number | 849 |
| 100 1# - MAIN ENTRY--PERSONAL NAME | |
| Personal name | Fisher, Dorothy Canfield, |
| Dates associated with a name | 1879-1958. |
| 245 10 - TITLE STATEMENT | |
| Title | Paul Revere and the minute men / |
| Statement of responsibility, etc | Dorothy Canfield Fisher illustrated by Norman Price. |
| 260 ## - PUBLICATION, DISTRIBUTION, ETC. (IMPRINT) | |
| Place of publication, distribution, etc | New York, |
| Name of publisher, distributor, etc | Random House |
| Date of publication, distribution, etc | [1950] |
| 300 ## - PHYSICAL DESCRIPTION | |
| Pagination | 181 p. |
| Other physical details | col. illus. |
| Dimensions | 22 cm. |
| 490 0# - SERIES STATEMENT | |
| Series statement | Landmark books [4] |
| 600 10 - SUBJECT ADDED ENTRY--PERSONAL NAME | |
| Personal name | Revere, Paul, |
| Dates associated with a name | 1735-1818 |
| 650 ## - SUBJECT ADDED ENTRY--TOPICAL TERM | |
| Topical term or geographic name as entry element | American Revolution |
| Chronological subdivision | 1775-1783 |
| 700 ## - ADDED ENTRY--PERSONAL NAME | |
| Personal name | Price, Norman |
| 942 ## - ADDED ENTRY ELEMENTS (KOHA) | |
| Source of classification or shelving scheme | Dewey Decimal Classification |
| Koha item type | Books |
| Koha issues (borrowed), all copies | 1 |
| Source of classification or shelving scheme | Damaged status | Not for loan | Home library | Current library | Shelving location | Total Checkouts | Full call number | Barcode | Date last seen | Date checked out | Copy number | Koha item type |
|---|---|---|---|---|---|---|---|---|---|---|---|---|
| Dewey Decimal Classification | JCC Rouf Library | JCC Rouf Library | General Stacks | 1 | 849 FIS 1958 | 9539 | 11/16/2022 | 11/09/2022 | C - 1 | Books |